Statistics for Southwestern USA: Most Populated Cities

Click here to take the quiz!

General Stats

  • This quiz has been taken 53 times
  • The average score is 22 of 27

Answer Stats

HintPopulationAnswer% Correct
TX1,257,676Dallas
98%
TX2,195,914Houston
98%
CA3,884,307Los Angeles
98%
AZ1,513,367Phoenix
98%
TX1,409,019San Antonio
98%
CA1,355,896San Diego
98%
TX885,400Austin
95%
CO649,495Denver
95%
TX674,433El Paso
93%
NV603,488Las Vegas
93%
CA837,442San Francisco
93%
NM556,495Albuquerque
90%
AZ526,116Tucson
90%
CA479,686Sacramento
88%
TX792,727Fort Worth
83%
CA363,630Bakersfield
81%
CA509,924Fresno
81%
CA998,537San Jose
81%
CO439,886Colorado Springs
79%
CA469,428Long Beach
76%
AZ457,587Mesa
71%
CA406,253Oakland
71%
CA345,012Anaheim
62%
CA334,227Santa Ana
62%
TX316,381Corpus Christi
60%
CA316,619Riverside
60%
TX379,577Arlington
57%

Score Distribution

Percentile by Number Answered

Percent of People with Each Score

Your Score History

You have not taken this quiz